000 01124nam a22002535i 4500
001 153669
003 ES-MaACL
005 20250927114200.0
008 040831s1837 fr |||| | fre d
040 _aCAM
_bspa
_cCAM
245 0 0 _aEntretiens sur les principaux personnages célèbres de la France
_b: depuis les premiers temps de la Monarchie jusqu'à la Révolution de 1789 /
_cpar L.M.C.***.
260 _aParis ;
_aStrasbourg :
_bchez F.G. Levrault,
_c1837.
300 _a166, [2] p. ;
_c14 cm.
490 1 _aMaitre Pierre ou Le savant de village
490 1 _aBibliothèque de l'instruction populaire ;
_v35
598 _aSegunda serie tomada de la BN Opale-Plus.
650 0 4 _aPersonajes franceses-
_vMisceláneas.
_9187806
700 1 _aLevrault, François-Georges,
_d1722-1798
_9170499
740 0 1 _aMaitre Pierre ou Le savant de village.
830 0 _aMaitre Pierre ou Le savant de village
_9187710
830 0 _aBibliothèque de l'instruction populaire ;
_v35
_9187711
852 _aES-MaACL
_jD-5198(2)
_z-- Enc. hol.
_x-- Edic.: en el lomo consta : Instruction populaire
999 _c153669
_d153669